| 000 | 01060nam a22003137a 4500 | ||
|---|---|---|---|
| 003 | CHAP | ||
| 005 | 20220329140153.0 | ||
| 008 | 971013s1942 us a r 00010 eng d | ||
| 010 | _a48020 | ||
| 011 | _a48992 | ||
| 035 | _a53140 | ||
| 040 | _cCHAP | ||
| 082 | 0 | 4 |
_a636.0824 _bR52 |
| 100 | 0 | 0 |
_aRice, Victor Arthur. _997235 |
| 245 | 1 | _aBreeding and improvement of farm animals, with chapter on the endocrine basis of reproduction and artificial insemination | |
| 250 | _a3 ed. | ||
| 260 |
_aNew York : _bMcGraw-Hill, _c1942 |
||
| 300 |
_a750 p. _b: ilus. |
||
| 590 |
_aBATCH-UPD _b10 _c20130110 _lUCH01 _h1830 |
||
| 590 |
_aBATCH-UPD _b10 _c20130410 _lUCH01 _h1203 |
||
| 590 |
_aBATCH-UPD _b10 _c20130914 _lUCH01 _h1459 |
||
| 590 |
_aCONVERSION _b10 _c20130109 _lUCH01 _h1326 |
||
| 650 | 1 | 4 |
_aGanaderĂa. _944604 |
| 901 | _aBK | ||
| 942 | _cLIBRO | ||
| 949 |
_a636.0824 R52 _bBC _cBPA _d-118008 _eBPA _h24246 _i53140 _si |
||
| 949 |
_a636.0824 R52 _bBC _cBPA _d-118010 _eBPA _fc.2 _h28376 _i53140 _si |
||
| 949 |
_a636.0824 R52 _bBC _cBPA _d-118012 _eBPA _fc.3 _h39635 _i53140 _si |
||
| 999 |
_c48020 _d48020 |
||